[Event "GAMMA Reykjavik Open 2018"]
[Site "Reykjavik"]
[Date "2018.03.12"]
[Round "6"]
[White "Stefansson, Hannes"]
[Black "Bewersdorff, Oliver"]
[Result "1-0"]
[WhiteElo "2533"]
[BlackElo "2312"]
[Annotator "TA"]
[PlyCount "41"]
[EventType "swiss"]
[EventCountry "ISL"]
[SourceTitle "playchess.com"]
[Source "ChessBase"]
[SourceQuality "1"]

{[%evp 17,41,14,0,0,43,41,101,93,98,96,96,89,106,97,88,25,44,40,55,23,31,30,333,331,545,560]} 1. e4 e5 2. Nf3 Nc6 3. Bb5 f5 4. d3 fxe4 5. dxe4 Nf6 6. Nc3 Bb4 7. Qd3 d6 8. O-O {C63: Ruy Lopez: Schliemann/Jaenisch Defence} (8. Bd2 Bxc3 9. Bxc3 O-O 10. O-O-O Qe8 11. h3 a6 12. Ba4 Nh5 13. g3 Kh8 14. Qe2 Be6 15. Bxc6 bxc6 16. a3 h6 17. Nh4 {1-0 (47) Bortnyk,O (2610)-Khachiyan,M (2522) chess.com INT 2018}) 8... Bxc3 9. Qxc3 Bd7 {LiveBook: 4 Games} 10. Bd3 {The position is equal.} Rb8 $146 ({Find the theoretical novelty and annotate with similar games:} 10... O-O 11. Qb3+ Kh8 12. Qxb7 Rb8 13. Qa6 Nh5 14. Ne1 Nf4 15. Bxf4 Rxf4 {½-½ (50) Medvegy,Z (2295)-Lehmann,Z (2280) Budapest 1997}) 11. b4 {[%cal Bb2b4,Bb4b5][%mdl 32]} O-O ({Black should play} 11... b6 $14) 12. b5 $16 Ne7 13. Qc4+ Kh8 14. Ng5 Be8 15. f4 exf4 16. Bxf4 (16. Qb3 $16) 16... Ng6 $1 $11 17. Bg3 $36 {[%mdl 2048] White is more active.} Qe7 18. Qd4 Ne5 19. Qxa7 Nxd3 $2 {[%mdl 8192]} (19... Bh5 $11) 20. Qxb8 $18 Nc5 $2 {[#]} (20... Bh5 {keeps fighting.}) 21. b6 $1 {Precision: White = 59%, Black = 32%.} 1-0

[Event "GAMMA Reykjavik Open 2018"]
[Site "Reykjavik"]
[Date "2018.03.13"]
[Round "6"]
[White "Perelshteyn, Eugene"]
[Black "Lagarde, Maxime"]
[Result "0-1"]
[WhiteElo "2513"]
[BlackElo "2587"]
[Annotator "TA"]
[PlyCount "92"]
[EventType "swiss"]
[EventCountry "ISL"]
[SourceTitle "playchess.com"]
[Source "ChessBase"]
[SourceQuality "1"]

{[%evp 9,92,23,20,21,27,10,16,3,18,14,32,25,26,6,16,12,45,31,33,4,20,0,7,-8,12,0,0,0,0,-15,0,0,6,-13,0,-27,-13,-30,-19,-19,-18,-70,-15,-56,-56,-56,-34,-27,-18,-29,-20,-19,-19,-18,-10,-9,0,0,0,0,-4,-104,-103,-79,-56,-187,-189,-179,-178,-171,-185,-127,-53,-538,-527,-584,-573,-879,-829,-5469,-2440,-29978,-29977,-29990,-29991]} 1. d4 Nf6 2. Bf4 d5 3. e3 {[%cal Be2e3,Be3e4,Be4e5][%mdl 32]} c5 4. Nc3 (4. Nd2 Nc6 5. c3 Bf5 6. Ngf3 e6 7. Be2 Bd6 8. dxc5 Bxc5 9. Nd4 Bg6 10. Qa4 O-O 11. Nxc6 bxc6 12. Qxc6 Rc8 13. Qa4 Re8 14. O-O e5 {0-1 (57) Le,Q (2737)-Ding,L (2777) Riadh 2017}) 4... c4 5. e4 e6 6. e5 {D00: 1 d4 d5: Unusual lines} Nfd7 7. Be3 $146 ({Predecessor:} 7. Qh5 Qb6 8. Rd1 Qxb2 9. Nxd5 g6 10. Nc7+ Kd8 11. Nxe6+ fxe6 {1-0 (36) Nguyen Luu,T (2013)-Ewald,P (1907) Berlin 2006}) 7... Nc6 8. f4 {[#]The position is equal.} b5 $1 {[%mdl 512]} 9. a3 (9. Nxb5 Rb8) 9... b4 10. axb4 Bxb4 11. Nf3 O-O 12. Be2 f5 13. O-O Nb6 14. h3 Bd7 15. Kh2 Be8 16. Rg1 Be7 17. Qd2 a5 18. Bf2 a4 19. Nd1 Rb8 20. Ne3 Kh8 21. g3 Rb7 22. Rg2 Qb8 23. c3 a3 24. bxa3 Na4 25. Ra2 (25. Be1 $11) 25... Na5 (25... Rb3 $15 26. Nd1 Na7) 26. Rc2 Nb2 27. Nd1 {[%cal Rc2b2]} Nd3 (27... Nb3 {seems wilder.} 28. Qe3 Na4 29. Ra2 Na5 30. Rg1 Kg8) 28. Bxd3 cxd3 29. Qxd3 Bb5 30. Qe3 $1 Nc4 31. Qe1 Ba4 32. Rc1 Bxa3 33. Ra1 Rb1 $36 {[%mdl 2048] White is under pressure.} 34. Rxb1 Qxb1 35. Rg1 (35. Ne3 $11 Qxe1 36. Nxe1) 35... Qd3 $17 36. Ne3 Rb8 {Strongly threatening ...Rb2.} 37. Qf1 (37. g4 $1 $15) 37... Qxc3 $19 38. Qe1 {[#]} Qd3 $1 39. Qf1 {[#]} Qb3 $1 40. Qe2 Be7 (40... h6 $17 {...Qb2 is the strong threat.} 41. Nh4 Qc3) 41. Ng2 $2 {[%mdl 8192]} ({White should play} 41. Ra1 $15) 41... Qa3 42. Ng5 Rb2 43. Qh5 {[%csl Gg5][%cal Rh5h7]} Bxg5 44. Qxg5 h6 45. Qg6 Rxf2 46. Qxe6 Ne3 {Precision: White = 24%, Black = 46%.} 0-1

[Event "GAMMA Reykjavik Open 2018"]
[Site "Reykjavik"]
[Date "2018.03.12"]
[Round "6"]
[White "Fernandez, Daniel Howard"]
[Black "L'Ami, Alina"]
[Result "1-0"]
[WhiteElo "2505"]
[BlackElo "2306"]
[Annotator "TA"]
[PlyCount "61"]
[EventType "swiss"]
[EventCountry "ISL"]
[SourceTitle "playchess.com"]
[Source "ChessBase"]
[SourceQuality "1"]

{[%evp 12,61,-19,-25,0,6,4,-27,-27,-31,-17,-21,-4,-79,-65,-73,-73,-60,-60,-73,-68,-65,-31,-150,-143,-141,-128,-143,-34,-36,13,-145,-65,-69,-51,-65,-66,-63,32,52,140,145,579,534,572,524,532,563,526,508,1431,1426]} 1. e4 e6 2. c3 d5 (2... Nf6 3. d3 c5 4. g3 Nc6 5. Nf3 d6 6. Bg2 Be7 7. O-O O-O 8. Re1 b5 9. d4 d5 10. Ne5 Bb7 11. Nxc6 Bxc6 12. e5 Nd7 13. Qg4 Re8 14. Nd2 a5 15. Nf3 b4 16. h4 {½-½ (37) Zvjaginsev,V (2659)-Timofeev,A (2665) Taganrog 2011}) 3. Bd3 c5 4. Nf3 Nc6 5. O-O Nf6 6. e5 {C00: French: Unusual White 2nd moves} Nd7 7. Bb5 {LiveBook: 7 Games} Be7 8. d4 {The position is equal.} Qb6 9. a4 $146 ({Predecessor:} 9. Bxc6 bxc6 10. Re1 cxd4 11. cxd4 c5 12. b3 cxd4 13. Nxd4 Bc5 14. Bb2 {½-½ (28) Kendiova,E-Janosova,K Vrutky 2005}) 9... a6 10. Bxc6 bxc6 11. a5 Qb7 12. c4 (12. b3 $11) 12... O-O $36 {[%mdl 2048] Black has some pressure.} ({Of course not} 12... dxc4 $6 13. Na3 $11) 13. Re1 cxd4 14. cxd5 c5 15. d6 Bd8 16. Nbd2 Qd5 17. Qb3 (17. b4 $1 $15) 17... Rb8 18. Qxd5 exd5 19. Ra4 {[#]} g5 (19... Bb7 $1 $17 20. Ra3 Ba8) 20. h3 $1 $15 h5 {White must now prevent ...Re8.} 21. Ra3 $2 {[#]} (21. b4 $1 $11) 21... Kh7 (21... Re8 $1 $17 {Threatens to win with ...g4.} 22. Nxg5 Rxe5) 22. Nf1 $1 {[%cal Bd2f1,Bf1g3,Bg3h5,Bh5f6][%mdl 32]} Rg8 23. e6 fxe6 24. Rxe6 Bf6 (24... Nf6 $15 25. d7 Nxd7) 25. Ng3 $14 h4 (25... Kg6 $1 $14) 26. Nh5 Kg6 $2 {[%mdl 8192]} (26... Bd8 $16 {is a better chance.}) 27. Nxf6 $18 {White is clearly winning.} Nxf6 28. Ne5+ Kf5 29. Re7 {Threatening mate with Rf3+.} Be6 30. Nc6 {aiming for Rf3+.} Rbe8 (30... Nh5 $142 31. d7 Rbd8) 31. Rf3+ {Precision: White = 54%, Black = 27%.} 1-0

[Event "GAMMA Reykjavik Open 2018"]
[Site "Reykjavik"]
[Date "2018.03.12"]
[Round "6"]
[White "Bick, Gabriel"]
[Black "Giacomini, Hector"]
[Result "1-0"]
[WhiteElo "2416"]
[BlackElo "2193"]
[Annotator "TA"]
[PlyCount "47"]
[EventType "swiss"]
[EventCountry "ISL"]
[SourceTitle "playchess.com"]
[Source "ChessBase"]
[SourceQuality "1"]

{[%evp 12,47,14,18,13,8,18,13,14,8,14,7,6,4,383,375,364,381,558,538,668,617,591,586,884,864,1365,1288,29978,29979,6519,6012,1955,1366,2001,1915,2051,1895]} 1. e4 c6 2. d4 d5 3. e5 c5 4. dxc5 e6 5. a3 (5. Nf3 Bxc5 6. Bd3 Ne7 7. O-O Ng6 8. Nbd2 Nc6 9. Nb3 Bb6 10. Qe2 Qc7 11. Re1 Bd7 12. Bd2 a5 13. c3 {1-0 (33) McShane,L (2640)-Rausis,I (2632) Katowice 2017}) 5... Bxc5 6. b4 {B12: Caro-Kann: Advance Variation} Bf8 7. Nf3 {[%cal Bg1f3,Bf3g5,Bg5e6,Be6c5,Bc5b7][%mdl 32] LiveBook: 5 Games} a5 8. b5 {The position is equal.} Ne7 9. Bd3 Nd7 $146 ({Predecessor:} 9... Ng6 10. O-O Nd7 11. Re1 {1-0 (51) Cumbers,P (2040)-Walsh,C (2204) West Bromwich 2003}) 10. O-O b6 11. Re1 Bb7 12. Ng5 $36 {[%mdl 2048] Black must now prevent Qf3. White fights for an advantage.} g6 $2 {[%mdl 8192] [#]} (12... h6 $11 {and Black is okay.} 13. Nh7 (13. Qh5 g6 $15) (13. Nxf7 $2 Kxf7 14. Be3 g6 $19) 13... Nc5) 13. Qf3 $1 $18 {[%csl Gg5][%cal Rf3f7]} Nf5 14. Bxf5 $1 exf5 (14... Qe7 $142 15. Bd3 Bg7) 15. e6 fxe6 16. Nxe6 Qf6 17. Nc5+ Be7 18. Nxb7 Ne5 19. Qxd5 Ng4 20. Nd6+ Kf8 21. Qxa8+ {White is clearly winning.} Kg7 22. Ne8+ Rxe8 23. Qxe8 Bc5 24. Qd7+ {Precision: White = 78%, Black = 36%.} 1-0

[Event "GAMMA Reykjavik Open 2018"]
[Site "Reykjavik"]
[Date "2018.03.13"]
[Round "6"]
[White "Kvetny, Mark"]
[Black "Adly, Ahmed"]
[Result "1/2-1/2"]
[WhiteElo "2408"]
[BlackElo "2643"]
[Annotator "TA"]
[PlyCount "200"]
[EventType "swiss"]
[EventCountry "ISL"]
[SourceTitle "playchess.com"]
[Source "ChessBase"]
[SourceQuality "1"]

{[%evp 25,200,20,43,8,50,45,30,35,58,50,47,50,43,35,64,62,53,43,65,49,51,48,66,45,73,40,38,35,35,22,29,28,29,25,36,39,34,26,34,32,44,39,52,43,56,41,68,62,63,63,59,58,58,58,62,62,59,50,75,75,89,63,64,25,18,0,58,22,20,6,8,0,0,0,0,0,0,0,0,0,0,0,8,0,0,0,0,0,0,0,0,0,0,0,0,0,0,0,0,0,0,0,0,0,0,0,0,0,0,0,0,0,0,0,0,0,0,0,0,0,0,0,0,0,0,0,0,0,0,0,0,0,0,0,0,0,0,0,0,0,0,0,0,0,0,0,0,0,0,0,0,0,0,0,0,0,0,0,0,0,0,0,0,0,0,0,0,0,0,0,0,0,0,0,0,0,0]} 1. c4 c5 2. Nf3 Nf6 3. Nc3 e6 4. e3 d5 5. cxd5 exd5 6. Bb5+ Nc6 7. O-O Bd6 8. d4 O-O 9. dxc5 Bxc5 10. b3 Bg4 11. h3 {D32: Tarrasch Defence: Sidelines and lines without g3} Bh5 12. Be2 Re8 13. Bb2 a6 {LiveBook: 8 Games} 14. Nh4 Re5 $146 ({Predecessor:} 14... Bg6 15. Nxg6 hxg6 16. Bf3 Ne7 17. Qd3 Qd7 18. Rfd1 Red8 {1-0 (48) Aleksandrov,A (2574)-Sanal,V (2474) Doha 2016}) 15. Na4 Bxe2 16. Qxe2 Bd4 $1 17. Nf3 Bxb2 18. Qxb2 Re7 19. Rfd1 Qe8 20. Rac1 {[%cal Ba1c1,Bc1c2,Bc2d2][%mdl 32]} Rd8 21. Nc5 {[%cal Ba4c5,Bc5d3,Bd3f4][%mdl 32]} Ne4 22. Nd3 h6 23. Nf4 Nf6 24. Ne2 Rc8 25. Rc2 Rec7 26. Rdc1 Qd8 27. Rd2 Ne7 28. Rxc7 Qxc7 29. Nfd4 Ne4 30. Rc2 Qd7 31. Qc1 Rxc2 32. Qxc2 Qd8 33. f3 Nf6 34. Qc5 b6 35. Qc2 g6 36. Nc6 Qd6 37. Nxe7+ Qxe7 38. Qc8+ Kg7 39. Qc3 a5 40. Kf2 Qa3 41. Qd2 Kf8 42. Qd4 Qd6 43. Nc3 Ke7 44. Na4 Nd7 $1 45. Nc3 Ke6 ({Black should try} 45... Nf6 $11) 46. Ne2 Qe5 {The position is equal.} 47. Nf4+ (47. Qd3 {with more complications.} Qb2 48. Kg1 Qa1+ 49. Kh2 Qe5+ 50. f4) 47... Kd6 48. Nd3 (48. Qd2 {feels hotter.} Nc5 49. b4 axb4 50. Qxb4 Kc6 51. Qd2) 48... Qxd4 49. exd4 $11 {[%mdl 4096] Endgame KN-KN} f6 50. g4 Nf8 51. Ke3 g5 52. f4 Ng6 53. f5 Ne7 54. Ne1 h5 55. Kd3 Kc6 56. Nc2 h4 57. Na3 Nc8 58. Nb1 Nd6 59. Nc3 b5 60. a4 bxa4 61. bxa4 Nc4 62. Ke2 Nb6 63. Kd3 Nc8 64. Ke2 Ne7 65. Ke3 Ng8 66. Ke2 Nh6 67. Kf3 Nf7 68. Ke2 Nd6 69. Ke3 Nc8 70. Ke2 Na7 71. Kd3 Kd6 72. Ke3 Nc6 73. Nb5+ Kd7 74. Nc3 Nb4 75. Kd2 Kc6 76. Nb5 Na6 77. Nc3 Nc7 78. Kd3 Na8 79. Kd2 Nc7 80. Kd3 Ne8 81. Ke2 Nd6 82. Ke3 Nf7 83. Ke2 Nd8 84. Ke3 Kd6 85. Nb5+ Kd7 86. Nc3 Kc6 87. Kd3 Nb7 88. Kd2 Nd6 89. Ke3 Nc4+ 90. Kd3 Na3 91. Kd2 Kd6 92. Kd3 Nc4 93. Nb5+ Kd7 {Hoping for ...Nb2+.} 94. Nc3 Kc6 95. Ke2 Nb2 96. Kd2 Kd6 97. Nb5+ Kd7 98. Nc3 Kc6 99. Kc2 Nc4 100. Kd3 Nd6 {Precision: White = 69%, Black = 78%.} 1/2-1/2

[Event "GAMMA Reykjavik Open 2018"]
[Site "Reykjavik"]
[Date "2018.03.13"]
[Round "6"]
[White "Kavutskiy, Konstantin"]
[Black "Moradiabadi, Elshan"]
[Result "1/2-1/2"]
[WhiteElo "2383"]
[BlackElo "2535"]
[Annotator "TA"]
[PlyCount "82"]
[EventType "swiss"]
[EventCountry "ISL"]
[SourceTitle "playchess.com"]
[Source "ChessBase"]
[SourceQuality "1"]

{[%evp 14,82,39,28,21,20,22,29,40,42,39,36,47,37,61,48,51,39,50,46,37,50,135,89,88,76,86,100,87,99,144,0,0,-2,0,-12,-23,-20,0,0,0,0,0,0,0,0,0,0,0,-37,0,0,0,0,0,0,0,0,0,0,0,0,0,-18,0,0,0,0,0,0,0]} 1. d4 Nf6 2. c4 b6 3. Nf3 Bb7 4. g3 g6 5. Bg2 Bg7 6. O-O O-O 7. Qc2 c5 {A50: Queen's Fianchetto Defence (1 d4 Nf6 2 c4 b6)} 8. d5 {LiveBook: 24 Games} e6 (8... b5 9. e4 bxc4 10. Rd1 d6 11. Na3 Nbd7 12. Nxc4 Ng4 13. Bd2 Ba6 14. Rab1 Nge5 15. Nfxe5 Nxe5 16. Nxe5 Bxe5 {½-½ (42) Mamedyarov,S (2799)-Artemiev,V (2691) Riadh 2017}) 9. e4 {[%cal Be2e4,Be4d5][%mdl 32]} exd5 10. exd5 Na6 $146 ({Predecessor:} 10... d6 11. Nc3 a6 12. Bf4 Qc7 13. Qd2 Re8 14. Rfe1 Nbd7 15. h3 Rxe1+ 16. Rxe1 {½-½ (42) Savchenko,S (2479)-Thorsteinsson,S (2190) Runavik 2017}) 11. Nc3 d6 12. Bf4 Nc7 13. a4 Na6 14. Qd2 Nb4 15. Rae1 a6 16. Ng5 Nh5 17. Be3 $1 h6 (17... Bc8 $14) 18. Nf3 Kh7 19. g4 Nf6 20. g5 hxg5 21. Bxg5 Bc8 {[#]} 22. Ne4 (22. Qf4 $1 $16 {[%cal Rf4h4]} Kg8 23. Ne4) 22... Nxe4 $1 $11 23. Rxe4 f6 24. Rfe1 {Hoping for Re7.} Ra7 ({Don't play} 24... fxg5 25. Nxg5+ Kg8 26. Ne6 $17) 25. Bf4 Bf5 26. Re6 Bxe6 27. Rxe6 Re8 $1 {[%cal Re8e6] With the idea ...Rxe6.} 28. Bh3 Rxe6 29. Bxe6 Qf8 30. Qc3 Bh6 $1 {[%cal Rh6f4]} 31. Bxh6 Qxh6 32. Qxf6 {The position is equal.} Qc1+ 33. Kg2 Nd3 $1 {[%cal Rd3f4]} 34. Ng5+ $40 {[%mdl 128] White is up to no good.} Kh6 35. h4 {[#] Threatening mate with Qh8+.} Qxb2 36. Qf8+ Qg7 37. Qxd6 Qf6 38. Ne4 $1 {[%cal Re4f6]} Qd4 39. Qf8+ Qg7 $1 {[%cal Rg7f8]} 40. Qd6 {Threatens to win with Qg3.} Qe5 41. Qf8+ Qg7 $1 {Precision: White = 81%, Black = 70%.} 1/2-1/2

[Event "GAMMA Reykjavik Open 2018"]
[Site "Reykjavik"]
[Date "2018.03.13"]
[Round "6"]
[White "Cummings, David H"]
[Black "Hjartarson, Johann"]
[Result "1/2-1/2"]
[WhiteElo "2322"]
[BlackElo "2513"]
[Annotator "TA"]
[PlyCount "93"]
[EventType "swiss"]
[EventCountry "ISL"]
[SourceTitle "playchess.com"]
[Source "ChessBase"]
[SourceQuality "1"]

{[%evp 10,93,6,2,53,51,35,40,54,58,46,60,68,22,20,20,17,18,33,32,69,69,70,64,64,54,64,75,85,83,80,74,96,29,91,80,116,119,199,192,152,66,253,168,245,243,236,84,85,89,95,97,104,97,108,97,109,70,70,67,67,67,101,100,97,99,166,166,101,58,58,65,65,60,64,64,75,70,70,70,70,43,43,43,43,43]} 1. c4 g6 2. e4 e5 3. d4 Nf6 4. Nf3 exd4 5. e5 Ne4 6. Qxd4 {LiveBook: 23 Games. A10: English Opening: Unusual Replies for Black} Nc5 $146 (6... Bb4+ $11 7. Kd1 f5 8. exf6 Nxf6) ({Predecessor:} 6... Bb4+ 7. Kd1 f5 8. exf6 Nxf6 9. Bh6 Nc6 10. Qe3+ Kf7 11. c5 d5 12. cxd6 cxd6 {1-0 (59) Harikrishna,P (2744)-Aronian,L (2805) Riadh 2017}) 7. Bg5 $14 Ne6 $1 {[%cal Bc5e6,Be6d4,Bd4f3][%mdl 32]} 8. Bxd8 Nxd4 9. Bf6 $1 Nxf3+ $1 10. gxf3 Bb4+ 11. Nc3 (11. Nd2 {looks sharper.} O-O 12. O-O-O Re8 13. Ne4 Nc6 14. f4) 11... O-O 12. O-O-O Bxc3 $1 13. bxc3 Na6 14. h4 h5 15. Rg1 Re8 16. f4 $36 {[%mdl 2048] White is more active.} d6 17. exd6 cxd6 18. Rxd6 Bg4 19. f3 Bxf3 20. Bd4 $1 {aiming for f5.} Re1+ 21. Kb2 (21. Kd2 $1 $16 {[%cal Rd2e1]} Ra1 22. c5) 21... Bg4 (21... Nc7 $11) 22. Bg2 $16 Re2+ 23. Ka3 Nc7 (23... Rxg2 $16 {is a better defense.} 24. Rxg2 Nc7) 24. Bxb7 $18 Rb8 25. Bd5 (25. Rb1 $16) 25... Ne6 $2 ({Black should try} 25... Nxd5 $14 26. cxd5 Bf5) 26. c5 ({Less strong is} 26. Bxa7 Rc8 $16) 26... Nxf4 {[#]} (26... Kf8 $142 27. Bc4 Re4) 27. Rb1 $1 {[%cal Rb1b8][%mdl 512]} Rbe8 {[#]} ({Weaker is} 27... Rxb1 28. Rd8+ Re8 29. Rxe8+ Kh7 30. Rh8#) 28. Bxf7+ $1 {[%mdl 512]} Kxf7 $16 29. Rf6+ Kg8 {And now ...Be6 would win.} 30. Rxf4 Be6 31. Rf2 Bd5 32. Rb2 R2e6 {( -> ...Ra6+)} 33. Rb4 (33. Ka4 {feels hotter.} Ra6+ 34. Kb5 Ra3 35. Kb4 Ra6 36. c4) 33... Re2 34. Rxe2 Rxe2 $14 {[%csl Gd5][%cal Re2a2][%mdl 4096] Endgame KRB-KRB} 35. c4 $1 {[%cal Rc4d5]} Bc6 {[#]} 36. Rb8+ $1 Kf7 37. Rc8 Re6 (37... Bb7 $16 {was called for.} 38. Rh8 Bg2) 38. Rc7+ $18 Ke8 39. Rxa7 Re4 40. Bf6 Rxc4 41. Re7+ Kf8 42. Re5 Re4 43. Rxe4 Bxe4 {White is slightly better.} 44. Kb4 {Strongly threatening Kb5.} Ke8 45. a4 {Threatens to win with Kb5.} Kd7 46. a5 {Hoping for Kb5.} Bd3 47. Kc3 {Precision: White = 65%, Black = 46%.} 1/2-1/2

[Event "GAMMA Reykjavik Open 2018"]
[Site "Reykjavik"]
[Date "2018.03.13"]
[Round "6"]
[White "Stefansson, Vignir Vatnar"]
[Black "Praggnanandhaa, R."]
[Result "0-1"]
[WhiteElo "2300"]
[BlackElo "2507"]
[Annotator "TA"]
[PlyCount "116"]
[EventType "swiss"]
[EventCountry "ISL"]
[SourceTitle "playchess.com"]
[Source "ChessBase"]
[SourceQuality "1"]

{[%evp 15,116,0,16,0,0,0,0,0,36,7,23,-18,-26,-32,-33,-35,-45,-127,-135,-136,-123,-126,-139,-136,-127,-119,-31,-79,-74,-73,-76,-75,-80,-80,-82,-72,-76,-72,-82,-86,-70,-101,-75,-58,-35,-32,-33,-41,-33,-36,-39,-36,-33,-20,-28,-29,-14,-34,-31,-29,-48,-58,-23,-60,-57,-58,0,-1,0,-54,0,-11,-4,-87,-67,-123,-116,-182,-179,-153,-123,-139,-150,-158,-177,-161,0,-66,-71,-241,-231,-220,-63,-250,-229,-220,-212,-308,-191,-187,-191,-675,-654]} 1. c4 e5 2. g3 Nf6 3. Bg2 c6 4. Nc3 d5 5. cxd5 cxd5 6. d4 {A23: English Opening: 1...e5 2 Nc3 Nf6 3 g3 c6} e4 7. Bg5 (7. Nh3 Bb4 8. O-O Bxc3 9. bxc3 O-O 10. f3 exf3 11. Rxf3 h6 12. Qf1 Nbd7 {½-½ (50) Aronian,L (2785)-Anand,V (2779) Doha 2016}) 7... Bb4 8. Rc1 O-O {LiveBook: 5 Games} 9. e3 Nbd7 10. Qb3 $146 ({Find the theoretical novelty and annotate with similar games:} 10. Nge2 h6 11. Bxf6 Nxf6 12. O-O Bg4 {0-1 (28) Niemi,M (2219)-Richter,M (2412) Stockholm 2010}) 10... Bxc3+ 11. Rxc3 b6 12. Bf4 Ba6 13. Qa3 Bc4 $1 14. b3 Bd3 {And now ...Rc8 would win.} 15. Bf1 Rc8 16. Qc1 (16. Ne2 $15) 16... Rxc3 $17 17. Qxc3 Qc8 18. Qd2 Qa6 19. Be2 Rc8 20. Bd1 Bb1 ({Black should try} 20... Bf1 $17 21. Ne2 Bg2) 21. a4 Qd3 22. Qxd3 exd3 23. f3 Bc2 24. Nh3 Bxd1 25. Kxd1 Rc2 26. Rf1 Rb2 {Hoping for ...Rb1+.} ({Don't play} 26... Rxh2 $6 27. Nf2 $11) 27. Kc1 Rxb3 28. Rd1 Rc3+ 29. Kd2 Rc2+ 30. Kxd3 Rxh2 31. Ng1 Ra2 32. Ne2 Rxa4 33. Nc3 Ra5 34. Bd6 h5 35. Bb4 Ra6 36. e4 dxe4+ 37. fxe4 Ng4 {aiming for ...Nf2+.} 38. Rf1 g6 39. Re1 {[#]} b5 $1 40. e5 (40. Nxb5 Rb6) 40... Rb6 (40... Nh6 $15) 41. Nd5 Ra6 (41... Rb7 $11) 42. Nc3 $15 Rb6 43. Nd5 Rb7 44. Bc3 (44. Ne7+ $11 {keeps the balance.} Kg7 45. Nc8) 44... Kh7 45. Rf1 (45. Bb4 $15) 45... Nf8 $17 46. Nf4 (46. Bb4 $17 Ne6 47. Bd6) 46... b4 $19 47. Bb2 Ne6 48. d5 {[#]} Nc5+ $1 49. Kd4 Nb3+ 50. Kd3 Nc5+ (50... a5 $19 51. Re1 g5 52. Nxh5 Kg6) 51. Kd4 $15 Na4 52. Ba1 $2 {[#]} (52. Nd3 $17) 52... b3 $1 $19 {[%cal Rb3b2]} 53. Nd3 Kg8 $2 ({Better is} 53... Nh6 $19 {White must now prevent ...Nf5+.} 54. d6 b2 55. Bxb2 Nxb2) 54. e6 $2 (54. d6 $1 $15) 54... fxe6 55. dxe6 b2 56. Nxb2 (56. Bxb2 {is the only way for White.} Nxb2 57. Rb1) 56... Nxb2 57. Rb1 Rb4+ 58. Kd5 $2 (58. Kc3 Re4 59. Rxb2) 58... Nd3 {Precision: White = 42%, Black = 57%.} 0-1

[Event "GAMMA Reykjavik Open 2018"]
[Site "Reykjavik"]
[Date "2018.03.13"]
[Round "6"]
[White "Grant, David J"]
[Black "Cornette, Deimante"]
[Result "0-1"]
[WhiteElo "2068"]
[BlackElo "2447"]
[Annotator "TA"]
[PlyCount "97"]
[EventType "swiss"]
[EventCountry "ISL"]
[SourceTitle "playchess.com"]
[Source "ChessBase"]
[SourceQuality "1"]

{[%evp 13,97,0,15,-11,0,0,10,-35,-20,-24,-12,-22,11,-24,12,-14,0,-2,-1,-33,-32,-63,-56,-62,-50,-21,-48,-74,-70,-177,-95,-89,-92,-139,-115,-143,-117,-81,-95,-232,-189,-291,-292,-281,-197,-197,-184,-181,-196,-172,-104,-107,-127,-118,-128,-189,-187,-258,-257,-379,-377,-504,-504,-502,-501,-489,-489,-488,-505,-529,-524,-550,-480,-596,-602,-827,-816,-790,-805,-817,-807,-727,-770,-776,-820,-757]} 1. e4 e6 2. d3 c5 3. f4 Nc6 4. Nf3 g6 5. Be2 Bg7 6. O-O {B21: Sicilian: 2 f4 and Morra Gambit} Nge7 7. c3 d6 {LiveBook: 44 Games} 8. Qe1 {The position is equal.} (8. Be3 b6 9. Nbd2 Bb7 10. a3 d5 11. Bf2 Qc7 12. e5 f6 13. d4 cxd4 14. cxd4 {1-0 (48) Kovalev,V (2639)-Demchenko,A (2660) Riadh 2017}) 8... b5 $146 {[%cal Bb7b5,Bb5b4][%mdl 32]} ({Find the theoretical novelty and annotate with similar games:} 8... O-O 9. Qh4 f5 10. Na3 Rb8 11. Nc2 b5 12. a3 a5 13. Be3 b4 14. axb4 axb4 {0-1 (27) Beukema,J (2170)-Liang,A (2465) Vlissingen 2016}) 9. Qf2 O-O 10. Qh4 f5 11. Be3 b4 12. Nbd2 ({Much worse is} 12. Ng5 h6 $17) 12... a5 13. Rab1 Qc7 14. Rbc1 bxc3 15. bxc3 Nd8 16. g4 Nf7 17. Ng5 Nxg5 18. fxg5 Bb7 19. Rf3 Rf7 20. Rh3 Bh8 21. Bd1 (21. gxf5 $15 exf5 22. Bf4) 21... a4 (21... fxe4 $19 22. Nxe4 Bxe4 23. dxe4 Raf8) 22. gxf5 $17 exf5 23. Be2 d5 24. Bf4 Be5 25. Bxe5 Qxe5 26. Nf3 (26. Bf1 $17) 26... Qe6 $19 {[%cal Rf5e4]} 27. e5 (27. d4 $142 fxe4 28. Ne5) 27... f4 28. d4 Bc8 29. Bf1 Nf5 30. Qxf4 Nxd4 $1 31. Nxd4 Qxh3 {[#]} ({And not} 31... cxd4 32. Qxd4 Ba6 33. Bg2 $11) (31... Rxf4 $19 32. Nxe6 Bxe6) 32. Qxf7+ $1 $17 {[%mdl 512]} Kxf7 33. Bxh3 Bxh3 $19 {[%mdl 4096] Endgame KRB-KRN} 34. Nb5 (34. Ne2 $17) 34... Rb8 35. c4 (35. Nc7 $142) 35... d4 36. Rb1 (36. Kf2 {keeps fighting.}) 36... Ke7 37. Kf2 Be6 {Black is clearly winning.} 38. Rc1 Rf8+ 39. Kg3 Rf5 40. h4 Rxe5 41. Kf4 Re2 42. a3 Re3 43. Nc7 Rxa3 44. Re1 Re3 45. Ra1 a3 46. Nb5 Bxc4 47. Nxa3 Bd3 48. Rd1 Kd6 49. Rd2 {Precision: White = 27%, Black = 64%.} 0-1